Śrutabodhaḥ. (Record no. 65526)
[ view plain ]
| 000 -LEADER | |
|---|---|
| fixed length control field | 00703cam a22002651 4500 |
| 001 - CONTROL NUMBER | |
| control field | sa 65008063 |
| 003 - CONTROL NUMBER IDENTIFIER | |
| control field | DLC |
| 005 - DATE AND TIME OF LATEST TRANSACTION | |
| control field | 20260227112153.0 |
| 008 - FIXED-LENGTH DATA ELEMENTS--GENERAL INFORMATION | |
| fixed length control field | 900222s1963 ii 000 0 sano |
| 010 ## - LIBRARY OF CONGRESS CONTROL NUMBER | |
| LC control number | sa 65008063 |
| 035 ## - SYSTEM CONTROL NUMBER | |
| System control number | (OCoLC)21110091 |
| 040 ## - CATALOGING SOURCE | |
| Original cataloging agency | DLC |
| Transcribing agency | WaU |
| Modifying agency | DLC |
| 041 0# - LANGUAGE CODE | |
| Language code of text/sound track or separate title | sanhin |
| 042 ## - AUTHENTICATION CODE | |
| Authentication code | premarc |
| 050 00 - LIBRARY OF CONGRESS CALL NUMBER | |
| Classification number | PK875 |
| Item number | .K3 |
| 100 0# - MAIN ENTRY--PERSONAL NAME | |
| Personal name | Kālidāsa. |
| 245 10 - TITLE STATEMENT | |
| Title | Śrutabodhaḥ. |
| 260 ## - PUBLICATION, DISTRIBUTION, ETC. | |
| Date of publication, distribution, etc. | [1963] |
| 300 ## - PHYSICAL DESCRIPTION | |
| Extent | 25 p. |
| Dimensions | 18 cm. |
| 440 #0 - SERIES STATEMENT/ADDED ENTRY--TITLE | |
| Title | Vidyabhawan Sanskrit granthamala, |
| Volume/sequential designation | 34 |
| 500 ## - GENERAL NOTE | |
| General note | Hindi and Sanskrit. |
| 650 #0 - SUBJECT ADDED ENTRY--TOPICAL TERM | |
| Topical term or geographic name entry element | Sanskrit language |
| General subdivision | Metrics and rhythmics. |
| 700 1# - ADDED ENTRY--PERSONAL NAME | |
| Personal name | Ṭhakkura, Kanakalālaśarma. |
| Title of a work | Vimalā. |
| 700 1# - ADDED ENTRY--PERSONAL NAME | |
| Personal name | Miśra, Brahmaśaṅkara. |
No items available.